000 01023cam a22003257a 4500
003 CHAP
005 20220329140051.0
008 971013s1967 r 00010 d
010 _a46460
011 _a47432
035 _a51574
040 _cCHAP
082 _a514.5
_bT46Y 1967
100 0 0 _aThompson, James Edgar.
_9112906
245 0 _aTrigonometría
250 _a2 ed.
260 _aMéxico, D.F. :
_bUTEHA,
_c1967
300 _a269 p.
500 _ac.1-4 reimp. de 1975
590 _aBATCH-UPD
_b10
_c20130110
_lUCH01
_h2117
590 _aBATCH-UPD
_b10
_c20130410
_lUCH01
_h1427
590 _aBATCH-UPD
_b10
_c20130914
_lUCH01
_h2045
590 _aCONVERSION
_b10
_c20130109
_lUCH01
_h1325
650 1 4 _aTrigonometría plana.
_9115146
901 _aBK
942 _cLIBRO
949 _a514.5 T46Y 1967
_bBC
_cLIBRO
_d-115278
_eLIBRO
_fc.4
_i51574
_si
949 _a514.5 T46Y 1967
_bBC
_cLIBRO
_d-115279
_eLIBRO
_fc.5
_h59655
_i51574
_si
949 _a514.5 T46Y 1967
_bBC
_cLIBRO
_d33724002063520
_eLIBRO
_fc.3
_h50188
_i51574
_si
999 _c46460
_d46460